Language Quiz

Random Language or Numbers Quiz

Isogram Numbers Quiz Stats

 Plays Quiz Updated Sep 24, 2018

Score 0/16 Timer 02:00
6 Plays Today
# of Digits in Answer Number % Correct
1One
99.9%
1Two
99.7%
1Four
99.4%
1Six
99.4%
1Five
99.3%
1Eight
99.1%
2Ten
97.5%
1Zero
93.7%
# of Digits in Answer Number % Correct
2Sixty
84.5%
2Forty
79.6%
2Eighty
78.1%
2Sixty-one
73.4%
2Forty-six
71.8%
2Sixty-four
69%
2Eighty-four
57.3%
4Five Thousand
23.6%

You're not logged in!

Compare scores with friends on all Sporcle quizzes.
OR
Log In

Sporcle TV

Today on Sporcle TV


Watch our educational content, quiz creation guides, and fun videos on Sporcle TV.

Show Comments

Extras

Top Quizzes Today


Score Distribution

Your Account Isn't Verified!

In order to create a playlist on Sporcle, you need to verify the email address you used during registration. Go to your Sporcle Settings to finish the process.

Report this User

Report this user for behavior that violates our Community Guidelines.

Details: